| 000 | 00596nam a2200181Ia 4500 | ||
|---|---|---|---|
| 008 | 090124s9999 xx 000 0 und d | ||
| 082 |
_b6300 _a647 |
||
| 100 | _aरांगणेकर मो.ग. व वरेरकर भा.वि. | ||
| 245 | _a नंदनवन | ||
| 250 | _a1 | ||
| 260 | _c1942 | ||
| 300 | _a74 | ||
| 600 | _aरांगणेकर मो.ग. व वरेरकर भा.वि. | ||
| 630 | _a नंदनवन | ||
| 700 | _aरांगणेकर मो.ग. व वरेरकर भा.वि. | ||
| 730 | _a नंदनवन | ||
| 942 | _cBOOK | ||
| 999 |
_c120241 _d120241 |
||